Państwa Eurazji - nagła śmierć - Statystyki

Ogólne statystyki
  • Ten quiz został rozwiązany 94 razy
  • Średni wynik to 14 z 20
Answers on the Grid
Answers color-coded by a green-red scale on the quiz's grid according to % correct below.
Polska
Malta
Surinam
Usa
Czad
Armenia
Kolumbia
Mongolia
Islandia
Nowa Zelandia
Filipiny
Korea Północna
Stany Zjednoczone
Macedonia Północna
Wenezuela
Senegal
Chiny
Bośnia i Hercegowina
Argentyna
Kuba
Andora
Australia
Madagaskar
Finlandia
Irak
Iran
Burundi
Erytrea
Gabon
Kosowo
Irlandia
Rumunia
Tobago
Dhaka
Brunei
Gwadelupa
Togo
Martynika
Malediwy
Mauretania
 
Statystyki odpowiedzi
Odpowiedź % Poprawnych
Polska
95%
Mongolia
84%
Macedonia Północna
81%
Malta
81%
Armenia
78%
Chiny
78%
Iran
76%
Filipiny
73%
Irak
73%
Korea Północna
73%
Bośnia i Hercegowina
70%
Rumunia
70%
Finlandia
68%
Islandia
68%
Kosowo
68%
Andora
65%
Irlandia
62%
Brunei
59%
Malediwy
54%
Dhaka
22%
Nie znaleziono quizów pasujących do podanych kryteriów
Rozkład punktacji
Procent ludzi z każdym wynikiem
Percentyl według liczby udzielonych odpowiedzi
Twoja historia wyników
Nie rozwiązałeś tego quizu